000 00713nam a22001457a 4500
003 OSt
005 20160321095401.0
008 160321b xxu||||| |||| 00| 0 eng d
040 _cRUA
082 _aAGR SOR 2010 B470 Or.1
100 _98082
_aSORN SREYLEAK; សន ស្រីលក្ខណ័
245 _aEffect of chicken manure with differrnt spacing on chinese radish in sandy loam soil condition, ប្រសិទ្ធភាពជីលាមកមាន់ ក្នុងចន្លោះគុម្ពផ្សេងគ្នាលើដំណាំឆៃថាវ ក្នុងលក្ខខណ្ឌដីល្បាយខ្សាច់
300 _ax,50p.
_bill.
_c29cm.
942 _2ddc
_cAGR
999 _c7686
_d7686